[Event "SVK-chT2A 1314"]
[Site "Slovakia"]
[Date "2013.10.20"]
[Round "2.8"]
[White "Ollos, Ladislav"]
[Black "Hajtmanek, Stanislav"]
[Result "1/2-1/2"]
[WhiteElo "1820"]
[BlackElo "1782"]
[PlyCount "34"]
[EventDate "2013.10.19"]
[EventType "team-tourn"]
[EventRounds "11"]
[EventCountry "SVK"]
[SourceTitle "EXT 2015"]
[Source "ChessBase"]
[SourceDate "2014.11.20"]
[SourceVersion "1"]
[SourceVersionDate "2014.11.20"]
[SourceQuality "1"]
[WhiteTeam "Potonska Veza"]
[BlackTeam "Pezinok"]
[WhiteTeamCountry "SVK"]
[BlackTeamCountry "SVK"]

1. e4 c5 2. Nf3 Nc6 3. d4 cxd4 4. Nxd4 g6 5. Nc3 Bg7 6. Be3 Nf6 7. f3 0-0 8. Qd2 e5 9. Ndb5 a6 10. Nd6 Qc7 11. Na4 Nd4 12. c3 Qxd6 13. cxd4 exd4 14. Qxd4 Qxd4 15. Bxd4 b5 16. Nb6 Rb8 17. Rd1 Re8 1/2-1/2

[Event "SVK-chT2A 0708"]
[Site "Slovakia"]
[Date "2007.10.06"]
[Round "1.8"]
[White "Hajtmanek, Stanislav"]
[Black "Cajka, Tibor"]
[Result "0-1"]
[WhiteElo "1778"]
[BlackElo "1830"]
[PlyCount "118"]
[EventDate "2007.10.06"]
[EventType "team-tourn"]
[EventRounds "11"]
[EventCountry "SVK"]
[SourceTitle "EXT 2010"]
[Source "ChessBase"]
[SourceDate "2010.11.25"]
[SourceVersion "1"]
[SourceVersionDate "2010.11.25"]
[SourceQuality "1"]
[WhiteTeam "Pezinok KS"]
[BlackTeam "Osuske"]
[WhiteTeamCountry "SVK"]
[BlackTeamCountry "SVK"]

1. d4 Nf6 2. c4 g6 3. Nc3 d5 4. Nf3 Bg7 5. Bf4 c6 6. e3 Bg4 7. h3 Bxf3 8. Qxf3 0-0 9. Bd3 e6 10. 0-0 Nbd7 11. Rac1 Re8 12. cxd5 exd5 13. Rfd1 Nf8 14. b4 Ne6 15. Be5 Ng5 16. Qe2 a6 17. f4 Nge4 18. Na4 Ng3 19. Qf3 Nfe4 20. Bxg7 Kxg7 21. Nc5 Qe7 22. Bxe4 Nxe4 23. Nd3 f6 24. h4 Nd6 25. Kf2 Nf5 26. Re1 Nxh4 27. Qh3 Nf5 28. g4 Nd6 29. Rh1 Rh8 30. Qh6+ Kg8 31. Rb1 Re8 32. Rh3 Nc4 33. Rbh1 Qg7 34. Qh4 Qe7 35. Qh6 Qg7 36. Qh4 Nd6 37. g5 Ne4+ 38. Ke1 fxg5 39. fxg5 Qe7 40. Rg1 a5 41. a3 axb4 42. axb4 Ra8 43. Qg4 Ra1+ 44. Ke2 Rxg1 45. Qxg1 Qxg5 46. Qh2 Qe7 47. Qf4 Ng5 48. Rg3 Nf7 49. Nc5 Kg7 50. e4 dxe4 51. Nxe4 Ra8 52. Re3 Re8 53. Nc5 Qxe3+ 54. Qxe3 Rxe3+ 55. Kxe3 Nd6 56. Kf4 Kf6 57. Nd7+ Ke7 58. Ne5 Ke6 59. Kg5 Nf7+ 0-1

[Event "SVK-chT1W 0203"]
[Site "Slovakia"]
[Date "2002.12.01"]
[Round "6.8"]
[White "Hajtmanek, Stanislav"]
[Black "Krist, Milan"]
[Result "1/2-1/2"]
[WhiteElo "1814"]
[BlackElo "2001"]
[PlyCount "131"]
[EventDate "2002.10.12"]
[EventType "team-tourn"]
[EventRounds "11"]
[EventCountry "SVK"]
[SourceTitle "EXT 2005"]
[Source "ChessBase"]
[SourceDate "2004.11.15"]
[SourceVersion "1"]
[SourceVersionDate "2004.11.15"]
[SourceQuality "1"]
[WhiteTeam "Pezinok"]
[BlackTeam "Trnava"]
[WhiteTeamCountry "SVK"]
[BlackTeamCountry "SVK"]

1. e4 e6 2. d4 d5 3. exd5 exd5 4. Nf3 Nf6 5. Be2 Bd6 6. Bg5 h6 7. Bh4 Bf5 8. Nc3 c6 9. Bd3 Qe7+ 10. Ne2 Bxd3 11. Qxd3 0-0 12. 0-0 Nbd7 13. Rae1 Qd8 14. Ng3 Bxg3 15. Bxg3 Ne4 16. Bf4 Re8 17. Bc1 Re6 18. Qa3 Qf6 19. Qb4 b6 20. a4 Rae8 21. Re2 Ng5 22. Bxg5 hxg5 23. Rxe6 Rxe6 24. Re1 g4 25. Rxe6 Qxe6 26. Ne5 Nxe5 27. dxe5 Qxe5 28. g3 Qe2 29. Qd6 Qe1+ 30. Kg2 Qe4+ 31. Kg1 Qxa4 32. b3 Qa1+ 33. Kg2 Qf6 34. Qb8+ Kh7 35. Qxa7 b5 36. Qe3 Qf5 37. Qc5 Qe6 38. Kg1 f5 39. Kg2 g5 40. Kg1 f4 41. gxf4 gxf4 42. h3 g3 43. h4 Qe2 44. Kg2 Qe4+ 45. Kg1 g2 46. Qxc6 f3 47. Qc7+ Kg8 48. Qd8+ Kg7 49. Qd7+ Kh6 50. Qc6+ Kh5 51. Qc3 Kxh4 52. Qh8+ Kg5 53. Qg7+ Kf5 54. Qf7+ Ke5 55. Qe7+ Kf4 56. Qh4+ Kf5 57. Qh7+ Ke6 58. Qg8+ Kd7 59. Qg7+ Kc6 60. Qf6+ Kb7 61. Qg7+ Kc6 62. Qf6+ Kc5 63. Qc3+ Kb6 64. Qf6+ Kc7 65. Qg7+ Kb6 66. Qf6+ 1/2-1/2

[Event "SVK-chT1W 0203"]
[Site "Slovakia"]
[Date "2002.11.10"]
[Round "4.8"]
[White "Hajtmanek, Stanislav"]
[Black "Jozefovic, Milan"]
[Result "1-0"]
[WhiteElo "1814"]
[BlackElo "1350"]
[PlyCount "113"]
[EventDate "2002.10.12"]
[EventType "team-tourn"]
[EventRounds "11"]
[EventCountry "SVK"]
[SourceTitle "EXT 2005"]
[Source "ChessBase"]
[SourceDate "2004.11.15"]
[SourceVersion "1"]
[SourceVersionDate "2004.11.15"]
[SourceQuality "1"]
[WhiteTeam "Pezinok"]
[BlackTeam "Holic"]
[WhiteTeamCountry "SVK"]
[BlackTeamCountry "SVK"]

1. d4 d5 2. c4 e6 3. e3 Nf6 4. Nf3 Nc6 5. Nc3 h6 6. a3 Be7 7. Bd3 dxc4 8. Bxc4 0-0 9. 0-0 b6 10. Qe2 a6 11. Rd1 Na5 12. Ba2 Bb7 13. b4 Nc6 14. Bb2 Na7 15. e4 c6 16. Rac1 Nb5 17. Qc2 Nxc3 18. Bxc3 a5 19. Bb1 g6 20. Qe2 axb4 21. axb4 Nh7 22. Ne5 Bf6 23. f4 Bxe5 24. dxe5 Qe7 25. Rd6 Rfd8 26. Rcd1 Rxd6 27. exd6 Qd7 28. Qb2 f5 29. exf5 gxf5 30. Qb3 Kf7 31. Bxf5 Nf8 32. Be4 Ke8 33. Be5 Qf7 34. Qc3 Kd7 35. Rc1 Rc8 36. Qf3 Ng6 37. b5 Nxe5 38. fxe5 Qxf3 39. Bxf3 cxb5 40. Rxc8 Bxc8 41. Kf2 b4 42. Ke3 Ba6 43. Be2 Bb7 44. Bb5+ Kd8 45. g4 Bg2 46. h4 Bh3 47. g5 hxg5 48. hxg5 Bf5 49. Kd4 Bg6 50. Bd3 Bf7 51. g6 Bg8 52. Kc4 Kd7 53. Kb5 b3 54. Kxb6 b2 55. Be4 Kc8 56. Kc6 Kd8 57. d7 1-0